000 02441cam a2200481 a 4500
001 sjdsz9mscp b3420754
003 sjds
005 20190325195623.0
008 970326r19971986nyu b 000 0 spa d
020 _a0140258620 (pbk.)
020 _a9780140258622 (pbk.)
035 _a(OCoLC)36631672
040 _aUOK
_beng
_cUOK
_dBAKER
_dYDXCP
_dOCLCQ
_dOCLCG
_dCoLwJCPL
041 1 _aspa
_heng
050 1 4 _aBX2170.C56
_bJ62618 1997
082 0 4 _a242/.3
_221
092 0 _fESPANOL
_a242.3
_bJOHN:PAUL
100 0 _aJohn Paul
_bII,
_cPope,
_d1920-2005.
_0http://id.loc.gov/authorities/names/n78078345.
240 1 0 _aPrayers and devotions from Pope John Paul II.
_lSpanish.
245 1 0 _aConmigo dia tras dia :
_bmomentos para la reflexion /
_cJuan Pablo II ; edicion e introduccion a cargo del Obispo Peter Canisius Johannes van Lierde ; traducido por Antonio Aramayona Alonso.
260 _aNew York :
_bPenguin Books,
_cc1997, c1986.
264 1 _aNew York :
_bPenguin Books,
_cc1997, c1986.
300 _a490 pages ;
_c20 cm.
336 _atext
_btxt
_2rdacontent.
337 _aunmediated
_bn
_2rdamedia.
338 _avolume
_bnc
_2rdacarrier.
490 1 _aPenguin ediciones.
500 _a"Publicado por primera vez en Espana por Promocion Popular Cristiana, 1986"--T.p. verso.
504 _aIncludes bibliographical references.
610 2 0 _aCatholic Church
_vPrayers and devotions.
_0http://id.loc.gov/authorities/subjects/sh85021160.
610 2 0 _aCatholic Church
_0http://id.loc.gov/authorities/subjects/sh85021043
_xSpiritual life.
_0http://id.loc.gov/authorities/subjects/sh2001008913.
650 0 _aDevotional calendars
_xCatholic Church.
_0http://id.loc.gov/authorities/subjects/sh2008102232.
650 0 _aFamilies
_vPrayers and devotions.
_0http://id.loc.gov/authorities/subjects/sh85047017.
650 0 _aFamilies
_xBiblical teaching.
_0http://id.loc.gov/authorities/subjects/sh85047010.
655 0 _aSpanish language materials.
655 7 _aMateriales en espanol.
_2local.
655 7 _aDevotional literature.
_2lcgft
_0http://id.loc.gov/authorities/genreForms/gf2015026057.
655 7 _aPrayers.
_2lcgft
_0http://id.loc.gov/authorities/genreForms/gf2015026049.
700 1 _aLierde, Peter Canisius Johannes van.
_0http://id.loc.gov/authorities/names/n84081114.
700 1 _aAramayona Alonso, Antonio,
_etranslator.
830 0 _aPenguin ediciones.
_0http://id.loc.gov/authorities/names/n96108612.
942 _cBK
999 _c21981
_d21981